|
|
|
|
| LEADER |
00000nam a2200000 4500 |
| 001 |
vtls008859041 |
| 003 |
SK-MaSNL |
| 005 |
20260301191149.0 |
| 008 |
251112s1513 fr a f 00000 lat |
| 015 |
|
|
|a SNBHFA
|
| 035 |
|
|
|a cpl000119810
|
| 040 |
|
|
|a SNK
|b slo
|c SNK
|e rda
|
| 041 |
0 |
|
|a lat
|
| 044 |
|
|
|a fr
|c FR
|
| 072 |
|
7 |
|a 2
|x Náboženstvo
|2 konspekt
|
| 072 |
|
7 |
|a 27-46/-48
|x Pastorálna teológia
|2 konspekt
|
| 072 |
|
7 |
|a 783
|x Cirkevná hudba. Duchovná hudba. Náboženská hudba
|2 konspekt
|
| 080 |
|
|
|a 2-475.5
|2 2011
|
| 080 |
|
|
|a 27-475.5
|2 2011
|
| 080 |
|
|
|a 82-141
|2 2001
|
| 130 |
0 |
|
|a Sequẽntiarum
|9 567392
|
| 245 |
1 |
0 |
|a Sequẽtiarum luculẽta interpretatio:
|b nedũ scholasticis/ sed et ecclesiasticis cognitu necessaria: p Joan. adelphũ physicu Argẽtiñ. collecta.
|
| 246 |
1 |
0 |
|a Hymni de tempore de sanctis: in eã forma qua a suis autoribus scripti sunt denuo redacti: et pm legem carminis diligẽter emendati atqȝ interpretati
|
| 264 |
|
3 |
|a insignẽ Argentino˞˞˞ impressorem:
|b Impressi per Joannem knoblouch
|c Ultima die Martij: Anno salutis nre Millesimo quingentesimo tertiodecimo. Anno dñi M.D.XIII (1513)
|
| 300 |
|
|
|a CXXXVI, 136 listov, 4 nečíslované listy
|c 18,5 cm
|
| 336 |
|
|
|a text
|b txt
|2 rdacontent
|
| 337 |
|
|
|a bez média
|b n
|2 rdamedia
|
| 338 |
|
|
|a zväzok
|b nc
|2 rdacarrier
|
| 500 |
|
|
|a Iniciálky s ornamentálnym a figurálnym pozadím v rámčeku na 9, 11 riadkov, vo voľnom priestore na 3 riadky, titulné listy v drevorezovom ráme s erbom, rubriky
|
| 504 |
|
|
|a Tlačené marginálie
|
| 505 |
0 |
0 |
|a Obsahuje: Prítlačok 1.:
|t Hymni de tempore de sanctis: in eã forma qua a suis autoribus scripti sunt denuo redacti: et pm legem carminis diligẽter emendati atqȝ interpretati
|g LXXX, 80 listov
|
| 510 |
4 |
|
|a Adams
|c L/1126
|
| 510 |
4 |
|
|a Tlače 16. storočia vo fondoch SNK - Saktorová, Komorová, Petrenková, Agnet
|c 1738
|
| 550 |
|
|
|a Údaje do impresa prevzaté z kolofónu
|
| 561 |
|
|
|a Rukopisný provenienčný záznam: Zacharias Mossouius - Conventus S. Crucij de Lelesz - Andreas Vegh Canonicus Castrifericij obijt, Anno 11 decembri.
|5 SNK ID 67484
|
| 562 |
|
|
|a Rukopisné poznámky.
|5 SNK ID 67484
|
| 563 |
|
|
|a Väzba: reštaurovaná, hnedá hladká koža.
|5 SNK ID 67484
|
| 650 |
0 |
7 |
|a kázne
|2 SNKPH
|9 1954
|
| 650 |
0 |
7 |
|a chválospevy
|2 SNKPH
|9 1627
|
| 700 |
1 |
|
|a Adelphus, Johannes,
|d asi 1485-1523
|4 com
|9 61285
|
| 700 |
1 |
|
|a Knobloch, Johann,
|c starší,
|d zomrel 1528
|4 prt
|9 128639
|
| 700 |
1 |
|
|a Mošovský, Zachariáš,
|d 1542-1587
|4 sgn
|9 158500
|
| 700 |
1 |
|
|a Vegh, Andreas
|4 sgn
|9 567393
|
| 710 |
2 |
|
|a Premonštráti (Leles, Slovensko)
|4 fmo
|9 197934
|
| 752 |
|
|
|a Francúzsko
|d Štrasburg
|
| 852 |
|
|
|a snk
|b Historické fondy
|p ID 67484
|
| 958 |
|
|
|a ONDV
|
| 958 |
|
|
|a DA
|
| 999 |
|
|
|c 870102
|d 872032
|
| 952 |
|
|
|t Tlače 16. stor.
|a SNK
|b SNK
|c SNK_HF
|y PREZ
|7 0
|p 17A1397527
|o snkID 67484
|i snkF 1100/77
|8 5
|0 0
|1 0
|4 0
|d 2021-08-03
|f 1
|l 0
|r 2026-02-24 05:39:42
|w 2026-02-24
|